000 00566nam a2200205 a 4500
001 BRCA_2642
005 20190320203914.0
008 011208s1949----enka---###---#000-0#eng-u
050 4 _aND1500
_b.L38 1949
100 1 _aLaurie, Arthur Pillans
_97517
245 1 0 _aThe technique of the great painters
_cArthur Pillans Laurie.
260 _aLondon
_bCarroll and Nicholson
_c1949
300 _a192 p.
_bil.
_c26 cm.
500 _aA95
650 1 4 _aPintores
_92497
650 1 4 _aPigmentos
_97518
650 1 4 _aPintura
_eTécnica
_92498
902 _aGFM
942 _2lcc
_cB
999 _c2382
_d2382